Netherlands World Cup squads 1934-2022 - Statistics

General Stats
  • This quiz has been taken 238 times
  • The average score is 125 of 249
Answer Stats
# Hint Answer % Correct
21 FdJ Frenkie de Jong
98%
9 LdJ Luuk de Jong
98%
6 NdJ Nigel de Jong
98%
8 NdJ Nigel de Jong
98%
17 RvP Robin van Persie
98%
9 RvP Robin van Persie
98%
9 RvP Robin van Persie
98%
7 TdJ Theo de Jong
98%
4 VvD Virgil van Dijk
98%
4 FdB Frank de Boer
96%
2 FdB Frank de Boer
96%
4 PdB Piet de Boer
96%
7 RdB Ronald de Boer
96%
9 RdB Ronald de Boer
96%
11 AJ Arjen Robben
94%
11 AR Arjen Robben
94%
11 AR Arjen Robben
94%
1 EvdS Edwin van der Sar
94%
1 EvdS Edwin van der Sar
94%
13 EvdS Edwin van der Sar
94%
10 MD Memphis Depay
94%
21 MD Memphis Depay
94%
3 MdL Matthijs de Ligt
93%
20 WS Wesley Sneijder
93%
10 WS Wesley Sneijder
93%
10 WS Wesley Sneijder
93%
1 JC Jasper Cillessen
91%
9 RvN Ruud van Nistelrooy
90%
5 GvB Giovanni van Bronckhorst
89%
19 GvB Giovanni van Bronckhorst
89%
5 GvB Giovanni van Bronckhorst
89%
14 JC Johan Cruyff
89%
9 MvB Marco van Basten
89%
17 DB Daley Blind
88%
5 DB Daley Blind
88%
19 KJH Klaas-Jan Huntelaar
88%
21 KLH Klaas-Jan Huntelaar
88%
23 MS Maarten Stekelenburg
88%
1 MS Maarten Stekelenburg
88%
10 RvdV Rafael van der Vaart
88%
23 RvdV Rafael van der Vaart
88%
10 RG Ruud Gullit
88%
6 SdV Stefan de Vrij
88%
3 SdV Stefan de Vrij
88%
8 CG Cody Gakpo
87%
21 DB Danny Blind
87%
15 DB Danny Blind
87%
7 DK Dirk Kuyt
86%
15 DK Dirk Kuyt
86%
7 DK Dirk Kuyt
86%
18 MvB Mark van Bommel
86%
6 MvB Mark van Bommel
86%
19 WW Wout Weghorst
86%
7 EK Erwin Koeman
85%
3 FR Frank Rijkaard
85%
3 FR Frank Rijkaard
85%
4 RK Ronald Koeman
85%
4 RK Ronald Koeman
85%
22 DD Denzel Dumfries
83%
9 PK Patrick Kluivert
83%
7 SB Steven Bergwijn
82%
25 XS Xavi Simons
81%
2 JT Jurriën Timber
80%
10 CS Clarence Seedorf
79%
8 DB Dennis Bergkamp
79%
10 DB Dennis Bergkamp
79%
14 JH John Heitinga
79%
3 JH John Heitinga
79%
16 ED Edgar Davids
78%
20 GW Georginio Wijnaldum
78%
5 NA Nathan Aké
78%
11 SB Steven Berghuis
76%
2 GvdW Gregory van der Wiel
75%
3 JS Jaap Stam
74%
15 MdR Marten de Roon
74%
14 MO Marc Overmars
73%
7 MO Marc Overmars
73%
8 PC Phillip Cocu
71%
11 PC Phillip Cocu
71%
18 VJ Vincent Janssen
71%
23 AN Andries Noppert
68%
2 RV Ron Vlaar
68%
23 TK Tim Krul
68%
4 BMI Bruno Martens Indi
67%
1 RP Remko Pasveer
67%
4 JM Joris Mathijsen
66%
4 JM Joris Mathijsen
66%
20 TK Teun Koopmeiners
66%
12 NL Noa Lang
65%
14 DK Davy Klaassen
64%
14 DdZ Demy de Zeeuw
63%
26 JF Jeremie Frimpong
63%
3 KB Khalid Boulahrouz
63%
12 KB Khalid Boulahrouz
63%
13 JN Johan Neeskens
62%
13 JN Johan Neeskens
62%
18 EdG Ed de Goey
61%
1 EdG Ed de Goey
61%
13 AO André Ooijer
60%
13 AO André Ooijer
60%
13 AO André Ooijer
60%
19 JVoH Jan Vennegoor of Hesselink
60%
1 HvB Hans van Breukelen
59%
13 JB Justin Bijlow
59%
2 MR Michael Reiziger
59%
22 MV Michel Vorm
59%
16 MV Michel Vorm
59%
17 PvH Pierre van Hooijdonk
57%
12 BZ Boudewijn Zenden
56%
20 IA Ibrahim Affelay
56%
21 JFH Jimmy Floyd Hasselbaink
56%
6 WJ Wim Jansen
54%
6 WJ Wim Jansen
54%
6 WJ Wim Jonk
54%
8 WJ Wim Jonk
54%
7 DJ Daryl Janmaat
53%
19 JvL John van Loen
53%
8 JdG Jonathan de Guzmán
53%
18 LF Leroy Fer
53%
5 RK Ruud Krol
53%
12 RK Ruud Krol
53%
6 AdW Arie de Winter
52%
20 AW Aron Winter
52%
20 AW Aron Winter
52%
20 AW Aron Winter
52%
17 EE Eljero Elia
52%
24 KT Kenneth Taylor
52%
21 RB Ryan Babel
51%
18 RB Ryan Babel
51%
13 JV Joël Veltman
50%
12 RR Rob Rensenbrink
49%
15 RR Rob Rensenbrink
49%
9 AH Arie Haan
48%
2 AH Arie Haan
48%
5 AN Arthur Numan
48%
16 AN Arthur Numan
48%
16 TM Tyrell Malacia
48%
16 JR Johnny Rep
47%
16 JR Johnny Rep
47%
15 WB Winston Bogarde
47%
17 JL Jeremain Lens
46%
10 RvdK René van de Kerkhof
46%
10 RvdK René van de Kerkhof
46%
11 WvdK Willy van de Kerkhof
46%
11 WvdK Willy van de Kerkhof
46%
16 JC Jordy Clasie
45%
6 JW Jan Wouters
44%
6 JW Jan Wouters
44%
14 JvtS John van 't Schip
44%
12 PV Paul Verhaegh
44%
3 WvH Willem van Hanegem
44%
5 AvT Adri van Tiggelen
41%
2 BvA Berry van Aerle
41%
6 DL Denny Landzaat
41%
15 EB Edson Braafheid
41%
11 RW Richard Witschge
41%
5 RW Rob Witschge
41%
12 WK Wim Kieft
40%
14 TK Terrence Kongolo
39%
15 TdC Tim de Cler
38%
8 JJ Jan Jongbloed
37%
8 JJ Jan Jongbloed
37%
15 BR Bryan Roy
36%
11 BR Bryan Roy
36%
8 GV Gerald Vanenburg
36%
22 HT Henk Timmer
36%
20 WS Wim Suurbier
36%
20 WS Wim Suurbier
36%
16 HM Hedwiges Maduro
34%
12 JK Jan Kromkamp
34%
2 KJ Kew Jaliens
33%
1 PS Piet Schrijvers
33%
18 PS Piet Schrijvers
33%
22 SB Sander Boschker
33%
18 SS Stijn Schaars
33%
22 RH Ruud Hesp
32%
17 HG Hans Gillhaus
29%
9 PK Piet Keizer
29%
17 WR Wim Rijsbergen
29%
17 WR Wim Rijsbergen
29%
18 SV Stan Valckx
28%
14 UvG Ulrich van Gobbel
28%
22 EB Ernie Brandts
26%
1 RG Ruud Geels
26%
22 SM Stanley Menzo
26%
17 GT Gaston Taument
24%
2 JP Jan Poortvliet
24%
12 JB John Bosman
24%
21 JdW John de Wolf
24%
19 PvV Peter van Vossen
24%
5 RI Rinus Israël
24%
4 AvK Adrie van Kraay
23%
22 HV Harry Vos
21%
14 JB Johan Boskamp
21%
18 HF Henk Fraser
19%
18 AvM Adri van Male
18%
16 AvM Adri van Male
18%
19 PD Pim Doesburg
18%
18 DN Dick Nanninga
17%
22 TS Theo Snelders
17%
13 GR Graeme Rutjes
16%
16 JH Joop Hiele
16%
3 DS Dick Schoenaker
14%
15 HH Hugo Hovenkamp
14%
4 KvI Kees van Ierssel
14%
7 PW Piet Wildschut
14%
21 HL Harry Lubse
12%
11 AS Arend Schoemaker
11%
21 ET Eddy Treijtel
11%
19 PS Pleun Strik
11%
15 KS Kick Smit
5%
12 KS Kick Smit
5%
9 NM Niek Michel
4%
11 BP Bas Paauwe
3%
9 BP Bas Paauwe
3%
2 DB Dick Been
3%
16 FvdV Frans van der Veen
3%
7 JM Jaap Mol
3%
20 LV Leen Vente
2%
19 LV Leen Vente
2%
2 BB Beb Bakhuys
1%
3 BC Bertus Caldenhove
1%
5 BdH Bertus de Harder
1%
7 DD Daaf Drok
1%
22 FW Frank Wels
1%
22 FW Frank Wels
1%
8 FH Frans Hogenbirk
1%
13 GvdM Gejus van der Meulen
1%
10 HP Henk Pellikaan
1%
19 HvS Henk van Spaandonck
1%
13 HP Herdrikus Plenter
1%
3 JG Jan Graafland
1%
14 JvD Jan van Diepenbeek
1%
17 JvN Joop van Nellen
1%
6 KM Kees Mijnders
1%
10 KO Klaas Ooms
1%
4 LH Leo Halle
1%
20 MV Manus Vrauwdeunt
1%
21 MW Mauk Weber
1%
21 MW Mauk Weber
1%
14 PP Piet Punt
1%
17 PvH Puck van Heel
1%
15 PvH Puck van Heel
1%
12 RP René Pijpers
1%
18 SvR Sjef van Run
1%
8 TO Toon Oprinsen
1%
1 WA Wim Anderiesen
1%
1 WA Wim Anderiesen
1%
5 WL Wim Lagendaal
0%
No matching quizzes found
Score Distribution
Percent of People with Each Score
Percentile by Number Answered
Your Score History
You have not taken this quiz